7 Continents in 15 seconds? - Statistics

General Stats
  • This quiz has been taken 114 times
    26 since last reset
  • The average score is 6 of 7
Answer Stats
Continent's % Correct
North America
100%
Europe
89%
Africa
83%
Asia
83%
South America
83%
Antarctica
56%
Oceania
56%
No matching quizzes found
Score Distribution
Percent of People with Each Score
Percentile by Number Answered
Your Score History
You have not taken this quiz since the last reset